| 000 | 01116nam a22002775a 4500 | ||
|---|---|---|---|
| 003 | EG-ScBUE | ||
| 005 | 20220718114100.0 | ||
| 008 | 170525r2011 le f d 000 0 ara d | ||
| 020 | _a9789953864075 | ||
| 040 |
_aEG-ScBUE _bara _erda _cEG-ScBUE _dEG-ScBUE |
||
| 082 | 0 | 4 |
_222 _a492.73 _bرا ز |
| 100 | 1 |
_aالرازي، محمد بن أبي بكر بن عبد القادر، _eمؤلف. |
|
| 245 | 1 | 0 |
_aمختار الصحاح / _cللشيخ الإمام محمد بن أبي بكر بن عبد القادر الرازي. |
| 250 |
_aطبعة مدققة، _bكاملة التشكيل ةمميزة المداخل. |
||
| 264 | 1 |
_aبيروت : _bمكتبة لبنان ناشرون، _c2011. |
|
| 300 |
_a311 صفحة ؛ _c24 سم |
||
| 336 |
_2rdacontent _aنص _btxt |
||
| 337 |
_2rdamedia _aبدون وسيط _bn |
||
| 338 |
_2rdacarrier _aمجلد _bnc |
||
| 546 | _aالنص باللغة العربية ؛ مترجم من اللغة الفرنسية. | ||
| 650 | 7 |
_2BUEsh _aاللغة العربية _vمعاجم. |
|
| 651 | _2BUEsh | ||
| 653 |
_bGGEN _cMay2017 |
||
| 655 |
_vReading book _934232 |
||
| 942 | _2ddc | ||
| 999 |
_c24889 _d24861 |
||